Statistics for Bordering Countries by Difference in Corruption

Click here to take the quiz!

General Stats

  • This quiz has been taken 27 times
    (23 since last reset)
  • The average score is 22 of 30

Answer Stats

Country% Correct
China
100%
North Korea
100%
South Korea
100%
Mexico
95%
Russia
95%
United States
95%
Estonia
91%
Finland
91%
Latvia
91%
Lithuania
91%
Israel
82%
Lebanon
82%
Oman
82%
Saudi Arabia
82%
Syria
82%
Yemen
82%
Iraq
77%
Jordan
77%
Norway
77%
DR Congo
73%
Bolivia
59%
Chile
59%
Burundi
55%
Costa Rica
55%
Nicaragua
55%
Rwanda
55%
Botswana
36%
Zimbabwe
36%
Georgia
32%
Azerbaijan
27%

Score Distribution

Percentile by Number Answered

Percent of People with Each Score

Your Score History

You have not taken this quiz since the last reset